|
|
|
|
| LEADER |
00000caa a22000002c 4500 |
| 001 |
163647604X |
| 003 |
DE-627 |
| 005 |
20220608112448.0 |
| 007 |
tu |
| 008 |
140217s2013 xx ||||| 00| ||eng c |
| 035 |
|
|
|a (DE-627)163647604X
|
| 035 |
|
|
|a (DE-576)401253139
|
| 035 |
|
|
|a (DE-599)BSZ401253139
|
| 040 |
|
|
|a DE-627
|b ger
|c DE-627
|e rakwb
|
| 041 |
|
|
|a eng
|
| 100 |
1 |
|
|a Ricciardelli, Rose
|d 1979-
|0 (DE-588)1052916236
|0 (DE-627)789297159
|0 (DE-576)310916380
|4 aut
|
| 109 |
|
|
|a Ricciardelli, Rose 1979-
|a Ricciardell, Rose 1979-
|a Ricciardelli, Rosemary 1979-
|
| 245 |
1 |
0 |
|a Stigmatized among the stigmatized
|b sex offenders in Canadian penitentiaries
|c Ricciardelli, Rosemary; Moir, Mackenzie
|
| 264 |
|
1 |
|c 2013
|
| 336 |
|
|
|a Text
|b txt
|2 rdacontent
|
| 337 |
|
|
|a ohne Hilfsmittel zu benutzen
|b n
|2 rdamedia
|
| 338 |
|
|
|a Band
|b nc
|2 rdacarrier
|
| 700 |
1 |
|
|a Moir, Mackenzie
|4 aut
|
| 773 |
0 |
8 |
|i In
|t Canadian journal of criminology and criminal justice
|d Ottawa, Ont. : Assoc., 2003
|g 55(2013), 3, Seite 353-386
|w (DE-627)364113855
|w (DE-600)2110799-3
|w (DE-576)105431184
|x 1707-7753
|7 nnas
|
| 773 |
1 |
8 |
|g volume:55
|g year:2013
|g number:3
|g pages:353-386
|
| 951 |
|
|
|a AR
|
| ELC |
|
|
|b 1
|
| LOK |
|
|
|0 000 xxxxxcx a22 zn 4500
|
| LOK |
|
|
|0 001 3293890377
|
| LOK |
|
|
|0 003 DE-627
|
| LOK |
|
|
|0 004 163647604X
|
| LOK |
|
|
|0 005 20140217144337
|
| LOK |
|
|
|0 008 140217||||||||||||||||ger|||||||
|
| LOK |
|
|
|0 040
|a DE-21-110
|c DE-627
|d DE-21-110
|
| LOK |
|
|
|0 689
|a s
|a Sexualstraftäter
|
| LOK |
|
|
|0 689
|a s
|a Stigmatisierung
|
| LOK |
|
|
|0 689
|a s
|a Strafvollzug
|
| LOK |
|
|
|0 689
|a s
|a Psychosoziale Folgen
|
| LOK |
|
|
|0 689
|a g
|a Kanada
|
| LOK |
|
|
|0 852
|z Kein Bestand am IfK; Nachweis für KrimDok
|
| LOK |
|
|
|0 852
|a DE-21-110
|
| LOK |
|
|
|0 852 1
|m v
|9 00
|
| LOK |
|
|
|0 938
|k v
|
| LOK |
|
|
|0 939
|a 17-02-14
|b l01
|
| ORI |
|
|
|a SA-MARC-krimdoka001.raw
|